000 007070000a22001570004500
090 _aT M3312e
100 1 _aMarcella C., Yinho Alexander
245 1 0 _aUna Ética Bíblica como fundamento de la conducta del líder cristiano / Yinho Alexander Marcella C.
260 _aMedellín, Colombia
300 _a102 Pag
500 _aTesis (licenciatura)--Seminario Bíblico de Colombia
502 _aPresidente del jurado: Robin Dowling; Jurado: Donaldo Sendek; Jurado: Fernando Mosquera
520 _a- La ética - La conducta - Fundamento evaluativo (descriptivo) de la ética en la conducta del líder cristiano evangélico - Ética Biblica como fundamento del líder cristiano
001 3642
942 _cBK
999 _c34287
_d34287